Možno optimalizovať operatívnu liečbu koxartróz?

Podrobná bibliografia
Hlavný autor: Huraj, Emil, 1924-1999 (Autor)
Médium: Článok
Jazyk:slovenčina
Fyzický popis:Res. rus., angl., nem., lit. 37 zázn. v slov., češ., angl., nem.,
Predmet:

MARC

LEADER 00000nab a2200000 a 4500
001 vtls000294981
003 SK-MaSNL
005 20260305023538.0
008 250422c1987 xo 0 slo
015 |a SNBRB19rr/mm-uuuuu 
035 |a CL0305100 
035 |a urn:nbn:sk:snk-ab6t6v 
035 |a (uuid)f5edeb6b-0c27-47ea-86a3-260de13d0941 
035 |a (urnnbn)urn:nbn:sk:snk:ar-a05qnl 
035 |a (sysno)vtls000294981 
040 |a SNKBUCL  |b slo  |c SNKBUCL  |e AACR2 
041 0 |a slo 
044 |a xo  |c SK 
080 |a 616.728.2-003.8  |2 1981 
100 1 |a Huraj, Emil,  |d 1924-1999  |4 aut  |9 38492 
245 1 0 |a Možno optimalizovať operatívnu liečbu koxartróz?  |c E. st. Huraj 
300 |b Res. rus., angl., nem., lit. 37 zázn. v slov., češ., angl., nem., 
650 0 7 |a koxartróza  |2 snkbucl  |9 15464 
655 7 |a články z novín a časopisov  |2 snkbucl  |9 267496 
773 0 |t Rheumatologia  |g Roč. 1, č. 1 (1987), s. 3-8 
850 |a Slovenská národná knižnica 
852 |a Slovenská národná knižnica 
954 |a odborná, vedecká literatúra pôvodná (slovenská)  |2 lita 
958 |a article27 
958 |a NB 
958 |a RK 
958 |a MI 
958 |a OND 
958 |a EUIPO 
992 |a RBX 
999 |c 3297738  |d 3299668